Normal view
MARC view
Entry Personal Name
001 - CONTROL NUMBER
- control field: 31944
003 - CONTROL NUMBER IDENTIFIER
- control field: OSt
005 - DATE AND TIME OF LATEST TRANSACTION
- control field: 20220714161709.0
008 - FIXED-LENGTH DATA ELEMENTS
- fixed length control field: 220714|| aca||aabn | a|a d
040 ## - CATALOGING SOURCE
- Original cataloging agency: OSt
- Transcribing agency: OSt
100 ## - HEADING--PERSONAL NAME
- Personal name: Thuong, Nguyen Le, Thy and Oanh, Nguyen Thi
670 ## - SOURCE DATA FOUND
- Source citation: Work cat.: (OSt)519049: Thuong, Nguyen Le, Thy and Oanh, Nguyen Thi , Vietnam in the Indo-Pacific region: Perception, position and perspectives
